000 00643nam a2200253Ia 4500
005 20260121153825.0
008 008 260114s9999 xx 000 0 eng d
020 _a9780367824457
037 _aEBOOK
040 _aCRL
040 _beng
040 _cCRL
041 _2eng
041 _aeng
084 _qCRL
100 _aMeredith A. Butler; Bruce R. Kingma
_9999584
245 4 _aThe Economics of Information in the Networked Environment
260 _bTaylor and Francis
260 _c1998
856 _uhttp://www.taylorfrancis.com/books/9780367824457
942 _cEBOOK
999 _c1566405
_d1566405